01701nam a22003617a 4500003000400000005001700004008004100021040002200062082001800084100002700102245003500129260008200164300001900246490002800265505001400293505006100307505005600368505015700424505010400581505006200685505004600747505009700793505003000890650004100920650004500961650005501006650004401061650005701105650004301162650004401205650004301249650004701292OSt20230424100733.0221006b |||||||| |||| 00| 0 eng d cBiblioteca Lado V a792.05bG143e aGainza, Gastoneeditor aEscena/bRevista de las Artes/ bUniversidad de Costa RicabVicerrectoria de acción socialc2009aCosta Rica c21x28cma114p. v2009v32x1409 2522a65 tEditorial tArquitectura y UrbanismoaRepresentación de la memoria tArtes Escenicas aDramaturgia y el diseño teatral tArtes MusicalesaLa Sonata para clarinete y Piano La Música y la estimulación temprana Entre la devoción y la subversión La Musicoterapia  tArtes VisualesaEl desnudo y el voyeur en la plástica De cazadores de cabezas y Mickey Mouse  tProducción AudiovisualaLos efectos (Pos)traumáticos  tTeatroaEl diablo y el Buen Dios Deja Vu tSemiotica aLos simpson como Sensibilidad y Concepto Somos simples decidores de palabras... tTeatroaAyleen y Hussein  2Tesauro de Arte & ArquitecturaaARTE 2Tesauro de Arte & ArquitecturaaHISTORIA 2Tesauro de Arte & ArquitecturaaARTE COSTARRICENSE 2Tesauro de Arte & ArquitecturaaCULTURA 2Tesauro de Arte & ArquitecturaaARTE LATINOAMERICANO 2Tesauro de Arte & ArquitecturaaTEORIA 2Tesauro de Arte & ArquitecturaaCRITICA 2Tesauro de Arte & ArquitecturaaTEATRO 2Tesauro de Arte & ArquitecturaaCOSTA RICA